Úvod do nových oblastí a predmetov a systém zdokonaľovania kvality

Salvato in:
Dettagli Bibliografici
Autore principale: Šúbertová, Elena
Natura: Capitolo di libro
Lingua:slovacco
Tags: Aggiungi Tag
Nessun Tag, puoi essere il primo ad aggiungerne!!

MARC

LEADER 00000naa$a2200000$$$4500
001 0095157
005 20240502072048.0
041 0 |a slo 
044 |a SK 
245 1 0 |a Úvod do nových oblastí a predmetov a systém zdokonaľovania kvality  |c Elena Šúbertová 
100 1 |a Šúbertová, Elena